Sports Quiz

Random Sports Quiz

Babe Ruth Award Quiz Stats

 Plays Quiz not verified by Sporcle

Challenge
Share
Tweet
Embed
Score 0/61 Timer 10:00
0 Plays Today
Year Player % Correct
2000Derek Jeter
82.3%
1977Reggie Jackson
69.8%
2009Alex Rodriguez
66.7%
2001Randy Johnson
62.5%
1964Bob Gibson
60.4%
1976Johnny Bench
57.3%
2001Curt Schilling
56.3%
1966Frank Robinson
53.1%
1970Brooks Robinson
53.1%
1958Elston Howard
46.9%
1971Roberto Clemente
45.8%
1979Willie Stargell
45.8%
1999Mariano Rivera
45.8%
1961Whitey Ford
44.8%
1963Sandy Koufax
44.8%
1965Sandy Koufax
44.8%
1953Billy Martin
43.8%
2003Josh Beckett
43.8%
1984Jack Morris
41.7%
1991Jack Morris
41.7%
1995Tom Glavine
41.7%
1993Paul Molitor
40.6%
1988Orel Hershiser
38.5%
2008Cole Hamels
38.5%
1998Scott Brosius
36.5%
1956Don Larsen
34.4%
1989Dave Stewart
32.3%
1960Bill Mazeroski
30.2%
2002Troy Glaus
30.2%
1968Mickey Lolich
29.2%
1985Bret Saberhagen
29.2%
Year Player % Correct
1986Ray Knight
27.1%
1967Lou Brock
26%
1987Frank Viola
26%
1951Phil Rizzuto
24%
1972Gene Tenace
24%
1981Ron Cey
24%
2006David Eckstein
24%
1978Bucky Dent
22.9%
2005Jermaine Dye
22.9%
2007Jonathan Papelbon
18.8%
1973Bert Campaneris
17.7%
1980Tug McGraw
17.7%
1992Dave Winfield
17.7%
1952Johnny Mize
15.6%
1957Lew Burdette
15.6%
1962Ralph Terry
15.6%
1955Johnny Podres
14.6%
1975Luis Tiant
14.6%
1974Dick Green
13.5%
1982Bruce Sutter
13.5%
2004Keith Foulke
13.5%
1983Rick Dempsey
12.5%
1996Cecil Fielder
11.5%
1997Moises Alou
9.4%
1950Jerry Coleman
8.3%
1954Dusty Rhodes
8.3%
1959Larry Sherry
8.3%
1990Billy Hatcher
7.3%
1969Al Weis
6.3%
1949Joe Page
5.2%

You're not logged in!

Compare scores with friends on all Sporcle quizzes.
Join for Free
OR
Log In

You Might Also Like...

Show Comments

Extras

Top Quizzes Today


Score Distribution

Your Account Isn't Verified!

In order to create a playlist on Sporcle, you need to verify the email address you used during registration. Go to your Sporcle Settings to finish the process.

Report this User

Report this user for behavior that violates our Community Guidelines.

Details: